[Event "San Sebastian op 36th"]
[Site "San Sebastian"]
[Date "2013.03.24"]
[Round "3"]
[White "Sierra Carranza, Sergio"]
[Black "Pastor Pons, Pedro Maria"]
[Result "0-1"]
[WhiteElo "1881"]
[BlackElo "2141"]
[PlyCount "94"]
[EventDate "2013.03.23"]
[EventType "swiss"]
[EventRounds "9"]
[EventCountry "ESP"]
[SourceTitle "CBM 153 Extra"]
[Source "ChessBase"]
[SourceDate "2013.04.22"]
[SourceVersion "1"]
[SourceVersionDate "2013.04.22"]
[SourceQuality "1"]

1. d4 Nf6 2. c4 d6 3. Nc3 Nbd7 4. Nf3 c6 5. e4 e5 6. Be2 Be7 7. 0-0 0-0 8. Qc2 h6 9. Re1 Qc7 10. b3 Re8 11. Bf1 Nf8 12. Be3 Ng6 13. Rac1 Nh7 14. Bd3 Bg4 15. Nd2 Bg5 16. Bxg5 Nxg5 17. d5 Nf4 18. f3 Bd7 19. Nf1 Qb6+ 20. Ne3 cxd5 21. Ncxd5 Nxd5 22. cxd5 Rac8 23. Qf2 Qd4 24. Rcd1 Qb4 25. Qd2 Qxd2 26. Rxd2 Kf8 27. Ree2 Rc3 28. Nd1 Rc1 29. Kf2 Rec8 30. Ne3 Ke7 31. Rc2 g6 32. Rxc1 Rxc1 33. Rc2 Rxc2+ 34. Nxc2 f5 35. h4 Nh7 36. exf5 gxf5 37. g4 Nf6 38. gxf5 Nxd5 39. Be4 Nc3 40. Nb4 a5 41. Nd5+ Nxd5 42. Bxd5 b6 43. Be4 Kf6 44. Ke3 Bxf5 45. Kd3 Be6 46. h5 d5 47. Bg6 Bf5+ 0-1